00465nam a2200109Ia 4500008004100000050002400041100003100065245012500096260008600221300002100307521002700328140724s9999 xx 000 0 und d aT 58.62b.L345 2014 aLaspona, Julian Antonio S. aTraining management system for Eureka! :binnovations and technology solutions philippines /cJulian Antonio S. Laspona. aLas Piñas, Philippines :bSouthville International School and Colleges,cc2014. a228 p. :c28 cm. aInformation Technology